[Rezension von: Brinitzer, Sabine, Organische Architekturkonzepte zwischen 1900 und 1960 in Deutschland, Untersuchungen zur Definition des Begriffs organische Architektur]
Gespeichert in:
| Veröffentlicht in: | Sehepunkte Bd. 9.2009, 12, insges. 3 S. |
|---|---|
| VerfasserIn: | |
| Mitwirkende: | |
| Dokumenttyp: | Online-Ressource Aufsatz |
| Sprache: | German |
| Veröffentlicht: |
2009
|
| Schlagwörter: | |
| Online Zugang: | Volltext |
| Bibliogr. Hinweis: | In:
Sehepunkte Rezension von: Organische Architekturkonzepte zwischen 1900 und 1960 in Deutschland |
| Verantwortlich: | David Kuchenbuch |
| LEADER | 01679caa a2200361 c 4500 | ||
|---|---|---|---|
| 001 | 625342070 | ||
| 003 | DE-627 | ||
| 005 | 20220707140046.0 | ||
| 007 | cr uuu---uuuuu | ||
| 008 | 100505s2009 xx |||||oo 00| ||ger c | ||
| 035 | |a (DE-627)625342070 | ||
| 035 | |a (DE-576)9625342079 | ||
| 035 | |a (DE-599)GBV625342070 | ||
| 040 | |a DE-627 |b ger |c DE-627 |e rakwb | ||
| 041 | |a ger | ||
| 100 | 1 | |a Kuchenbuch, David |4 aut | |
| 245 | 1 | 0 | |a [Rezension von: Brinitzer, Sabine, Organische Architekturkonzepte zwischen 1900 und 1960 in Deutschland, Untersuchungen zur Definition des Begriffs organische Architektur] |c David Kuchenbuch |
| 264 | 1 | |c 2009 | |
| 300 | |a 3 | ||
| 336 | |a Text |b txt |2 rdacontent | ||
| 337 | |a Computermedien |b c |2 rdamedia | ||
| 338 | |a Online-Ressource |b cr |2 rdacarrier | ||
| 655 | 7 | |a Rezension |0 (DE-588)4049712-4 |0 (DE-627)106186019 |0 (DE-576)209083166 |2 gnd-content | |
| 700 | 1 | |a Brinitzer, Sabine |e Rezensierte Person |4 oth | |
| 773 | 0 | 8 | |i In |t Sehepunkte |d München : Ludwig-Maximilians-Univ., 2001 |g Bd. 9.2009, 12, insges. 3 S. |h Online-Ressource |w (DE-627)33678273X |w (DE-600)2062440-2 |w (DE-576)117978736 |x 1618-6168 |7 nnas |
| 773 | 1 | 8 | |g volume:9 |g year:2009 |g number:12 |g extent:3 |
| 787 | 0 | 8 | |i Rezension von |a Brinitzer, Sabine, 1958 - |t Organische Architekturkonzepte zwischen 1900 und 1960 in Deutschland |d Frankfurt am Main : Lang, 2006 |h 623 S. |w (DE-627)512695067 |w (DE-576)254906389 |z 3631536976 |
| 856 | 4 | 0 | |u http://www.sehepunkte.de/2009/12/14169.html |x Verlag |3 Volltext |7 1 |
| 935 | |i vzg4007 | ||
| 951 | |a AR | ||
| 994 | |u https://www.sehepunkte.de/2009/12/14169.html | ||
| 991 | |a Rezension (Monographie, Zeitschrift, Aufsatz) | ||
| 999 | |a KXP-PPN625342070 |e 497856123X | ||


